| 000 | 00651nam a2200193 i 4500 | ||
|---|---|---|---|
| 001 | 81510 | ||
| 003 | ES-MaACL | ||
| 005 | 20230906174443.0 | ||
| 007 | t| | ||
| 008 | 041104s1943 sp ||||1| spa d | ||
| 100 | 1 |
_aHurtado y J. de la Serna, Juan. _9153193 |
|
| 245 | 1 | 0 |
_aHistoria de la literatura española / _cpor Juan Hurtado y Jiménez de la Serna y Angel González Palencia. |
| 250 | _a5ª ed. corr. y aum. | ||
| 260 |
_aMadrid : _bSaeta, _c1943 ( _fNuevas Gráficas) |
||
| 300 |
_aXVI, 1146 p. ; _c22 cm. |
||
| 700 | 1 |
_aGonzález Palencia, Ángel, _d1889-1949 _958854 |
|
| 852 |
_aES-MaACL _jE-2002 _bR.22829 |
||
| 999 |
_c81510 _d81510 |
||